Groups theory and experience. (Record no. 174375)
[ view plain ]
| 000 -LEADER | |
|---|---|
| fixed length control field | 00475nam a2200169Ia 4500 |
| 003 - CONTROL NUMBER IDENTIFIER | |
| control field | OSt |
| 005 - DATE AND TIME OF LATEST TRANSACTION | |
| control field | 20230527113453.0 |
| 008 - FIXED-LENGTH DATA ELEMENTS--GENERAL INFORMATION | |
| fixed length control field | 210423s2006 xx 000 0 und d |
| 040 ## - CATALOGING SOURCE | |
| Transcribing agency | AL |
| 082 ## - DEWEY DECIMAL CLASSIFICATION NUMBER | |
| Classification number | 302.3 |
| Edition number | 23 |
| Item number | NAPG |
| 100 ## - MAIN ENTRY--PERSONAL NAME | |
| Personal name | NAPUR (Rodney W);GERSHENFELD (Matti K). |
| 9 (RLIN) | 115294 |
| 245 ## - TITLE STATEMENT | |
| Title | Groups theory and experience. |
| 260 ## - PUBLICATION, DISTRIBUTION, ETC. | |
| Place of publication, distribution, etc. | Delhi |
| Name of publisher, distributor, etc. | AITBS Publishers and Distributors |
| Date of publication, distribution, etc. | 2006 |
| 365 ## - TRADE PRICE | |
| Price amount | 150 |
| Currency code | INR |
| 906 ## - LOCAL DATA ELEMENT F, LDF (RLIN) | |
| a | experience. ; Groups ; theory |
| 942 ## - ADDED ENTRY ELEMENTS (KOHA) | |
| Source of classification or shelving scheme | Dewey Decimal Classification |
| Koha item type | Book |
| Withdrawn status | Lost status | Damaged status | Not for loan | Collection code | Home library | Current library | Date acquired | Source of acquisition | Cost, normal purchase price | Total Checkouts | Full call number | Barcode | Date last seen | Price effective from | Koha item type |
|---|---|---|---|---|---|---|---|---|---|---|---|---|---|---|---|
| MSW | St Aloysius PG Library | St Aloysius PG Library | 09/28/2006 | Book World | 150.00 | 302.3 NAPG | PG021053 | 08/24/2022 | 04/26/2021 | Book |